Statistics for Manchester United Best Scorer By Year

Click here to take the quiz!

General Stats

  • This quiz has been taken 2,156 times
    (59 since last reset)
  • The average score is 12 of 17

Answer Stats

Player % Correct
Anthony Martial
96%
Wayne Rooney
95%
Marcus Rashford
93%
Cristiano Ronaldo
89%
Ruud van Nistelrooy
88%
Robin van Persie
86%
Romelu Lukaku
84%
Eric Cantona
74%
Dwight Yorke
72%
Zlatan Ibrahimovic
70%
Dimitar Berbatov
70%
Andrew Cole
70%
Paul Pogba
68%
Teddy Sheringham
65%
Mark Hughes
46%
Ole Gunnar Solskjaer
42%
Andrei Kanchelskis
26%

Score Distribution

Percentile by Number Answered

Percent of People with Each Score

Your Score History

You have not taken this quiz since the last reset